| 000 | 00453nam a22001457a 4500 | ||
|---|---|---|---|
| 082 |
_a347.549105 _bKAR |
||
| 100 | _a Karim, Fazal | ||
| 245 |
_aAccess to justice in Pakistan : _ba handbook of civil & criminal procedure with constitutional setting ... / _cby Fazal Karim. |
||
| 250 | _a2nd Edition. | ||
| 260 |
_aKarachi : _bPakistan Law House, _c2003. |
||
| 300 |
_axxxi, 816p. ; _c25cm. |
||
| 563 | _aHB | ||
| 650 |
_aLaw _935302 |
||
| 942 |
_2ddc _cBK |
||
| 999 |
_c613018 _d613018 |
||